Представление документа в формате MARC21

Поле Инд. ПП Название Значение
Тип записи a
Библиографический уровень m
001 Контрольный номер bf5aa208-71db-429f-9f39-0c743ea248dc
005 Дата корректировки 20260616092516.0
008 Кодируемые данные 060210
020 a ISBN 5-901460-14-6
040 a Служба первич. каталог. НБ ТвГУ
041 0_ a Код языка текста rus
080 a Индекс УДК 910.4(100)(26)
084 a Индекс другой классификации/Индекс ББК Д9(0)022
090 a Полочн. индекс Д9(0)02
x Авторский знак Л64
100 1_ a Автор Литау Николай Андреевич
245 10 a Заглавие Второе кругосветное плавание на яхте "Апостол Андрей" в 2001-2002 годах
b Продолж. заглавия дневник капитана
c Ответственность Николай Андреевич Литау
260 0_ a Место издания Тверь
b Издательство Созвездие
c Дата издания 2004
300 a Объем 217 с.
b Иллюстрации/ тип воспроизводства фот., табл., [8] л. фот.
650 04 a Основная рубрика Путешествия морские кругосветные
y Хронологическая подрубрика 21 в.
650 04 a Основная рубрика Апостол Андрей, яхта
653 0_ a Ключевые слова Апостол Андрей, яхта
a Ключевые слова Кругосветные плавания
a Ключевые слова Кругосветные путешествия
a Ключевые слова Морские путешествия
a Ключевые слова Плавания на яхтах
a Ключевые слова Путешествия
a Ключевые слова Яхты
700 1_ a Другие авторы Зубковская И. С.
e Роль лиц ред.
700 1_ a Другие авторы Воробьев В. М.
e Роль лиц ред.
852 41 i Расстановочный признак Проверка 2026
920 a Оператор Поля
952 c Вид литературы К рн
954 a Дата поступления на обработку 20060425